| 000 | 00349cam a2200145ua 4500 | ||
|---|---|---|---|
| 041 |
_aeng _h |
||
| 082 |
_a320.58G _bGAN/RA |
||
| 100 | _aGandhi, M.K . | ||
| 245 |
_aRamanama / _cM.K.Gandhi. _hTextual Documents |
||
| 260 |
_aAhmadabad : _bNavajivan publishing house , _c1958. |
||
| 300 | _a71 ; . | ||
| 504 | _a | ||
| 942 | _cBK | ||
| 999 |
_c930 _d930 |
||